000
00304nam a2200133Ia 4500
008
191201s2011 xx 000 0 und d
100
_a
KUTTI, N S
245
0
_a
Data structures in C++
250
_a
Rep
260
_a
New Delhi
_b
PHI
_c
2011
300
_a
207
650
_a
M.Tech(CSE)
942
_2
ddc
_c
BK
_0
4
999
_c
5981
_d
5981